| 000 | 00000nam##2200000za#4500 |
| 001 | 9.650588 |
| 003 | CaOODSP |
| 005 | 20210615114435 |
| 007 | ta |
| 008 | 150407|2007||||xxc||||| f|0| 0 eng|d |
| 020 | |a978-0-662-45363-5 |
| 040 | |aCaOODSP|beng |
| 043 | |an-cn--- |
| 086 | 1 |aM144-145/3-2007E |
| 110 | 1 |aCanada.|bNatural Resources Canada. |bOffice of Energy Efficiency. |
| 245 | 10|aWindows, doors & skylights |
| 246 | 1 |iTitle also cited as : |aEnergy Star windows, doors & skylights |
| 260 | |aOttawa - Ontario : |bNatural Resources Canada. |c2007. |
| 300 | |a1 sheet ([2]p.) : |bcoloured maps, tables ; |c28 cm. |
| 500 | |aAt head of title: ECOENERGY - using less, living better. |
| 563 | |aPamphlet |
| 590 | |a07-17|b2007-04-27 |
| 690 | 07|aConsumer products|2gcpds |
| 690 | 07|aEnergy efficiency|2gcpds |
| 690 | 07|aHousing|2gcpds |
| 775 | 08|tPortes, fenêtres et puits de lumière |w(CaOODSP)9.683684 |
| 776 | 0#|tWindows, doors & skylights |w(CaOODSP)9.689545 |